Countries by progressively less dots - Statistics

General Stats
  • This quiz has been taken 657 times
  • The average score is 9 of 12
Answer Stats
Picture Answer % Correct
United States
97%
Chile
95%
Cuba
90%
Japan
87%
Italy
85%
Thailand
72%
Mexico
71%
Haiti
70%
Nepal
54%
Namibia
49%
Antigua and Barbuda
42%
New Zealand
39%
No matching quizzes found
Score Distribution
Percent of People with Each Score
Percentile by Number Answered
Your Score History
You have not taken this quiz